| 000 | 00687nam a2200169Ia 4500 | ||
|---|---|---|---|
| 003 | SGT | ||
| 020 | _a9789351401483 | ||
| 082 | _a537,AGA | ||
| 100 | _aAGARWAL,J.P | ||
| 245 | _aELEMENTS OF MECHANICS | ||
| 250 | _a16th Ed. | ||
| 260 |
_bPRAGATI PRAKASHAN _aNEW DELHI _c2014 |
||
| 300 | _a564p. | ||
| 650 | _aELECTRICITY & ELECTRONICS | ||
| 653 | _aVECTORS, FRAMES OF REFERENCE, RELATIVITY, CONSERVATIVE FIELDS AND POTENTIALS, MOTION UNDER CENTRAL FORCE, DYNAMICS OF CHARGED PARTICLES, DYNAMICS OF RIGID BORIES, THE MECHANICS OF NON-RIGID BODIES: ELASTICITY,THE MECHANICS OF FLUIDS: VISCOSITY,SURFACE TENSION, FREE DAMPED AND FORCED OSCILLATIONS IN ONE DIMENSION | ||
| 942 |
_2ddc _cFPS _04 |
||
| 999 |
_c6493 _d6493 |
||